| 000 | 01924nam0a2200361 4500 | ||
|---|---|---|---|
| 001 | RU\NLR\bibl\976694 | ||
| 005 | 20260407142510.0 | ||
| 010 |
_a5-85051-386-8 _92000 |
||
| 021 |
_aRU _b2006-43771 _92187 |
||
| 035 | _a(NLR Aleph) 000964616 | ||
| 090 |
_a361068 _c361068 |
||
| 100 | _a20060821d2006 |||y0rusy50 ca | ||
| 101 | 0 | _arus | |
| 102 | _aRU | ||
| 105 | _aa ||||||||| | ||
| 200 | 1 |
_aБелебей: от века XVIII - к веку XXI _eгороду Белебею - 225 лет _f[Т. И. Аминев, Д. С. Ахметзянов, П. А. Федин, В. А. Иванов _gлит. обраб. Д. С. Ахметзянов] _gАдминистрация муницип. р-на "Белебеев. р-н" Респ. Башкортостан |
|
| 210 |
_aУфа _cАдминистрация муниципального района Белебеевский район РБ _d2006 _gУфим. полиграфкомбинат |
||
| 215 |
_a430, [1] с. _cил., цв. ил. _d25 |
||
| 300 | _aАвт. указаны над вып. дан. | ||
| 607 |
_aБелебей, город (Башкирия) _xИстория _91189610 _3RU\NLR\auth\66162033 |
||
| 686 | _aТ3(2Р-6Б-2Б) | ||
| 701 | 1 |
_aАминев _bТ. И. _gТалгиль Исмагилович _4070 |
|
| 701 | 1 |
_aАхметзянов _bД. С. _gДенис Сабирович _4070 |
|
| 701 | 1 |
_4070 _8rus _7ca _aФедин _bП. А. _gПавел Анисимович _3RU\NLR\AUTH\7755277 _938209 |
|
| 701 | 1 |
_4070 _8rus _7ca _aИванов _bВ.А. _cкраевед _gВиталий Александрович _3RU\NLR\AUTH\7742373 _925318 |
|
| 712 | 0 | 1 |
_4570 _aБелебеевский район _cРеспублика Башкортостан _bАдминистрация _3RU\NLR\AUTH\8810085688 _9673271 |
| 801 | 0 |
_aRU _bNLR _c20060821 _grcr |
|
| 801 | 1 |
_aRU _bNLR _c20060821 |
|
| 942 | _cBOOK | ||
| 980 | _aNB | ||
| 980 | _aNBR | ||